|
|
|
|
| LEADER |
01513nam a2200409 4500 |
| 001 |
ocn828743337 |
| 003 |
OCoLC |
| 005 |
20180501122007.0 |
| 006 |
m o d |
| 007 |
cr cn||||||||| |
| 008 |
130207s2013 maua ob 001 0 eng d |
| 040 |
|
|
|a E7B
|b eng
|e pn
|c E7B
|d OCLCO
|d OCLCQ
|d OPELS
|d N$T
|d OCLCF
|d OCLCQ
|d UAB
|d GrThAP
|
| 020 |
|
|
|a 9780124078482
|q (electronic bk.)
|
| 020 |
|
|
|a 0124078486
|q (electronic bk.)
|
| 020 |
|
|
|a 9780124076990
|
| 035 |
|
|
|a (OCoLC)828743337
|
| 050 |
|
4 |
|a QH581.2
|b .I58 2013eb
|
| 072 |
|
7 |
|a SCI
|x 017000
|2 bisacsh
|
| 082 |
0 |
4 |
|a 571.6
|2 23
|
| 049 |
|
|
|a TEFA
|
| 245 |
0 |
0 |
|a International review of cell and molecular biology.
|n Volume three hundred and two /
|c edited by Kwang W. Jeon.
|
| 250 |
|
|
|a 1st ed.
|
| 260 |
|
|
|a Waltham, Mass. :
|b Elsevier,
|c 2013.
|
| 300 |
|
|
|a 1 online resource (viii, 370 pages) :
|b illustrations.
|
| 336 |
|
|
|a text
|b txt
|2 rdacontent
|
| 337 |
|
|
|a computer
|b c
|2 rdamedia
|
| 338 |
|
|
|a online resource
|b cr
|2 rdacarrier
|
| 490 |
0 |
|
|a International review of cell and molecular biology ;
|v v. 302
|
| 504 |
|
|
|a Includes bibliographical references and index.
|
| 650 |
|
0 |
|a Cytology.
|
| 650 |
|
0 |
|a Molecular biology.
|
| 650 |
|
7 |
|a SCIENCE
|x Life Sciences
|x Cell Biology.
|2 bisacsh
|
| 650 |
|
7 |
|a Cytology.
|2 fast
|0 (OCoLC)fst00886282
|
| 650 |
|
7 |
|a Molecular biology.
|2 fast
|0 (OCoLC)fst01024734
|
| 655 |
|
4 |
|a Electronic books.
|
| 700 |
1 |
|
|a Jeon, Kwang W.
|
| 856 |
4 |
0 |
|u https://www.sciencedirect.com/science/bookseries/19376448/302
|z Full Text via HEAL-Link
|